| 000 | 00526nam a2200193 i 4500 | ||
|---|---|---|---|
| 001 | 130014 | ||
| 003 | ES-MaACL | ||
| 005 | 20250822062551.0 | ||
| 007 | t| | ||
| 008 | 070716s1965 ag ||||1| spa d | ||
| 100 | 1 |
_aZunini, Giorgio. _9118503 |
|
| 245 | 1 | 0 |
_aPsicología / _cGiorgio Zunini. |
| 250 | _a[1ª ed.]. | ||
| 260 |
_aBuenos Aires : _bPlaza y Janés, _c1965. |
||
| 300 |
_a284 p. : _bil. ; _c19 cm. |
||
| 650 | 1 | 7 |
_aPsicología _2embne _916540 |
| 852 |
_aES-MaACL _jC-27709 _bR.56873 |
||
| 999 |
_c130014 _d130014 |
||